UBT Library

Productivity improvement : (Record no. 41806)

000 -LEADER
fixed length control field 00643pam a2200229 a 4500
001 - CONTROL NUMBER
control field 3246356
005 - DATE AND TIME OF LATEST TRANSACTION
control field 20180205082222.0
008 - FIXED-LENGTH DATA ELEMENTS--GENERAL INFORMATION
fixed length control field 810402s1981 nyua b 001 0 eng
010 ## - LIBRARY OF CONGRESS CONTROL NUMBER
LC control number 80069686
020 ## - INTERNATIONAL STANDARD BOOK NUMBER
International Standard Book Number 0814457010
040 ## - CATALOGING SOURCE
Original cataloging agency DLC
Transcribing agency DLC
Modifying agency DLC
041 ## - LANGUAGE CODE
Language code of text/sound track or separate title eng
043 ## - GEOGRAPHIC AREA CODE
Geographic area code n-us---
080 ## - UNIVERSAL DECIMAL CLASSIFICATION NUMBER
Universal Decimal Classification number 338.060973 BUE
082 00 - DEWEY DECIMAL CLASSIFICATION NUMBER
Classification number 338.060973 BUE
Edition number 19
100 ## - Rafti
Rafti 54
101 ## - Shkurtesa
Shkurtesa MEN
245 00 - TITLE STATEMENT
Title Productivity improvement :
Statement of responsibility, etc editors, Vernon M. Buehler, Y. Krishna Shetty.
504 ## - BIBLIOGRAPHY, ETC. NOTE
Bibliography, etc Bibliography: p. [257]-266.
906 ## - LOCAL DATA ELEMENT F, LDF (RLIN)
a 7
b cbc
c orignew
d 1
e opcn
f 19
g y-gencatlg
942 ## - ADDED ENTRY ELEMENTS (KOHA)
Source of classification or shelving scheme
Item type Books
Holdings
Withdrawn status Lost status Source of classification or shelving scheme Damaged status Not for loan Collection code Permanent location Current location Shelving location Date acquired Total Checkouts Full call number Barcode Date last seen Price effective from Koha item type
          Koleksioni i përgjithshem UBT - Lipjan UBT - Lipjan Koleksioni i përgjithshem 02/05/2018   338.060973 BUE 002-2997228 02/05/2018 02/05/2018 Books
UBT Library © 2015-2024. All rights reserved University Education for Business and Technology